| 000 | 00393nam a2200157Ia 4500 | ||
|---|---|---|---|
| 005 | 20240823064315.0 | ||
| 008 | 240823s9999||||xx |||||||||||||| ||und|| | ||
| 082 | _A610.280113 P2 | ||
| 100 | _a"Olansen,Jon B" | ||
| 245 | 0 | _aVirtual Bio-Instrumentation | |
| 260 |
_c2002 _b"PHI,New " |
||
| 500 | _aYES | ||
| 650 |
_ainstruments _bInstrumentation |
||
| 700 | _a" Rosow,Eric" | ||
| 942 | _cNB | ||
| 999 |
_c240393 _d240393 |
||